| 000 | 00744nam a2200253Ia 4500 | ||
|---|---|---|---|
| 003 | OSt | ||
| 005 | 20220927111247.0 | ||
| 006 | a|||||r|||| 00| 0 | ||
| 007 | ta | ||
| 008 | 220926b |||||||| |||| 00| 0 eng d | ||
| 024 | _a100970 | ||
| 037 | _cReports | ||
| 040 |
_aRTL _cRTL _beng |
||
| 041 |
_2eng _aeng |
||
| 082 | _a"X9(J381).4.N77<-N74, L9" | ||
| 110 |
_aInternational Rice Research Institute. _9381765 |
||
| 245 | 0 | _aFarm level constraints to high rice yields in Asia | |
| 260 |
_aLaguna _bIRRI _c1979 |
||
| 300 |
_a411p. _ccm. |
||
| 650 | _aRice | ||
| 700 |
_aInternational Rice Research Institute. _9381766 |
||
| 942 |
_h"X9(J381).4.N77<-N74, L9" _cCC |
||
| 999 |
_c698902 _d698902 |
||